الوساطة بين المتنبي و خصومه / (رقم التسجيلة. 35147)

تفاصيل مارك
000 -LEADER
fixed length control field 00663nam a22001937a 4500
005 - DATE AND TIME OF LATEST TRANSACTION
control field 20251108165930.0
008 - FIXED-LENGTH DATA ELEMENTS--GENERAL INFORMATION
fixed length control field 250721s1995 xx 000 0 ara d
082 14 - DEWEY DECIMAL CLASSIFICATION NUMBER
Classification number م/811.6/جرج
100 1# - MAIN ENTRY--PERSONAL NAME
Personal name الجرجاني، علي بن عبد العزيز
245 10 - TITLE STATEMENT
Title الوساطة بين المتنبي و خصومه /
264 1# - PRODUCTION, PUBLICATION, DISTRIBUTION, MANUFACTURE, AND COPYRIGHT NOTICE
Place of production, publication, distribution, manufacture بيروت :
Name of producer, publisher, distributor, manufacturer المكتبة العصرية،
Date of production, publication, distribution, manufacture, or copyright notice 1995.
300 ## - PHYSICAL DESCRIPTION
Extent 534ص
650 17 - SUBJECT ADDED ENTRY--TOPICAL TERM
Topical term or geographic name as entry element المناظرات الأدبية
650 17 - SUBJECT ADDED ENTRY--TOPICAL TERM
Topical term or geographic name as entry element الشعر العربي
700 1# - ADDED ENTRY--PERSONAL NAME
Personal name إبراهيم، محمد أبو الفضل
Relator term شرح
700 1# - ADDED ENTRY--PERSONAL NAME
Personal name البجاوي، علي محمد
Relator term تحقيق
942 ## - ADDED ENTRY ELEMENTS (KOHA)
Source of classification or shelving scheme Dewey Decimal Classification
Koha item type مراجع
المقتنيات
حالة السحب حالة الفقدان مصدر التصنيف حالة التلف غير قابل للإعارة المكتبة الرئيسية المكتبة الحالية موقع الرف تاريخ التزويد الرقم المتسلسل Total Checkouts رقم الإستدعاء الباركود تاريخ آخر ظهور تاريخ الفاتورة نوع المادة (كوها)
    Dewey Decimal Classification   Not For Loan المكتبة المركزية المكتبة المركزية مراجع 06/07/2004 471462   م/811.6/جرج a471462 28/07/2025 06/07/2004 مراجع
Implemented & Customized by: BBB with SCIT (Smart Chains for Information Technology)

Powered by Koha